| 000 | 00427nam a2200169 a 4500 | ||
|---|---|---|---|
| 020 | _a2225643504 | ||
| 040 | _cDLC | ||
| 082 | _a631 MAS 1979 A042 Co. | ||
| 100 | 1 | _aBoulaine, Jean. | |
| 245 | 1 | 0 | _aPédologie appliquée / |
| 260 |
_aParis ; _aNew York : _bMasson, _c1980, c1979. |
||
| 300 |
_axv, 220 p. : _bill. ; _c24 cm. |
||
| 500 | _aIncludes index. | ||
| 650 | 0 | _aSoil science. | |
| 650 | 0 | _aSoil mapping. | |
| 942 | _cFB | ||
| 999 |
_c12459 _d12459 |
||